| 000 | 00386nam a2200157Ia 4500 | ||
|---|---|---|---|
| 008 | 260417s2024 xx 000 0 und d | ||
| 041 | _aeng | ||
| 082 |
_a362.1782/BHI _bDI-1054 |
||
| 100 | _aDR.S.B.BHISE | ||
| 245 | _aSOCIAL PHARMACY | ||
| 250 | _a4TH ed | ||
| 260 |
_aPUNE _b2024 _bNIRALI PRAKASHAN |
||
| 300 | _aP.B/65p | ||
| 650 | _aSOCIAL PHARMACY | ||
| 700 | _aMRS. M.S.BHISE | ||
| 999 |
_c1220365 _d1220365 |
||